চোখের বালি উপন্যাসের শিল্পরূপ / (Record no. 239065)
[ view plain ]
| 000 -LEADER | |
|---|---|
| fixed length control field | 00705nam a22002057a 4500 |
| 003 - CONTROL NUMBER IDENTIFIER | |
| control field | BD-DhUL |
| 005 - DATE AND TIME OF LATEST TRANSACTION | |
| control field | 20180308103258.0 |
| 008 - FIXED-LENGTH DATA ELEMENTS--GENERAL INFORMATION | |
| fixed length control field | 180308s1997 ii ||||| |||| 00| 0 ben | |
| 040 ## - CATALOGING SOURCE | |
| Original cataloging agency | BD-DhUL |
| Transcribing agency | BD-DhUL |
| 082 ## - DEWEY DECIMAL CLASSIFICATION NUMBER | |
| Classification number | 891.443 |
| Item number | GHC |
| 100 1# - MAIN ENTRY--PERSONAL NAME | |
| Personal name | ঘোষ, তরুণ |
| 245 00 - TITLE STATEMENT | |
| Title | চোখের বালি উপন্যাসের শিল্পরূপ / |
| Statement of responsibility, etc. | তরুণ ঘোষ |
| 250 ## - EDITION STATEMENT | |
| Edition statement | ১ম সং. |
| 260 ## - PUBLICATION, DISTRIBUTION, ETC. (IMPRINT) | |
| Place of publication, distribution, etc. | কলকাতা : |
| Name of publisher, distributor, etc. | গ্রন্থপ্রকাশ, |
| Date of publication, distribution, etc. | ১৯৯৭। |
| 300 ## - PHYSICAL DESCRIPTION | |
| Extent | ২৩২ পৃ. ; |
| Dimensions | ২১ সেমি. |
| 365 ## - TRADE PRICE | |
| Price type code | IRS |
| Price amount | 70.00 |
| 650 #4 - SUBJECT ADDED ENTRY--TOPICAL TERM | |
| Topical term or geographic name as entry element | বাংলা উপন্যাস |
| 650 #4 - SUBJECT ADDED ENTRY--TOPICAL TERM | |
| Topical term or geographic name as entry element | Bengali fiction |
| 942 ## - ADDED ENTRY ELEMENTS (KOHA) | |
| Source of classification or shelving scheme | |
| Koha item type | Books |
| Price effective from | Date last seen | Permanent Location | Not for loan | Date acquired | Source of classification or shelving scheme | Koha item type | Lost status | Withdrawn status | Copy number | Source of acquisition | Collection code | Damaged status | Shelving location | Barcode | Current Location | Full call number |
|---|---|---|---|---|---|---|---|---|---|---|---|---|---|---|---|---|
| 2018-03-08 | 2018-03-08 | Dhaka University Library | 2018-03-08 | Books | 3 | Purchased | Fiction | General Stacks | 398935 | Dhaka University Library | 891.443 GHC |
